000 00400nam a22001457a 4500
999 _c6926
_d6924
005 20210902135841.0
008 200608b xxu||||| |||| 00| 0 eng d
082 _a345.4
110 _aALL INDIA REPORTER
_96854
245 _aALL INDIA REPORTER, 2009 (V-96) SUPREME COURT SECTION (PART-3)
260 _aMUMBAI.
_bALL INDIA REPORTER. PVT. LTD.
300 _a244;p
650 _aLAW
_95701
942 _cJRL